[Event "IOM Open-Masters 2017"]
[Site "Douglas"]
[Date "2017.09.27"]
[Round "5"]
[White "Olafsson, Helgi"]
[Black "Rapport, Jovana"]
[Result "1-0"]
[WhiteElo "2512"]
[BlackElo "2327"]
[Annotator "TA"]
[PlyCount "95"]
[EventDate "2017.??.??"]
[EventType "swiss"]
[EventCountry "GBR"]
[SourceTitle "playchess.com"]
[Source "ChessBase"]
[SourceQuality "1"]

{[%evp 18,95,33,30,52,75,85,43,47,56,50,47,96,100,94,98,185,179,185,114,174,164,169,159,149,139,160,147,148,122,125,101,90,91,112,78,78,78,78,78,78,78,64,64,80,65,82,61,121,120,351,347,328,92,98,91,370,366,441,437,613,554,770,336,810,720,5310,2030,5310,5306,5306,5302,29969,29966,29975,29976,29992,29992,29993,29994]} 1. c4 Nf6 2. Nc3 d6 3. d4 Nbd7 4. e4 e5 5. d5 Nc5 6. f3 {[%cal Bf2f3,Bf3f4,Bf4f5][%mdl 32]} a5 7. Be3 Be7 8. Qd2 h6 9. O-O-O Nfd7 {A53: Old Indian Defence without Nf3} 10. g3 {LiveBook: 7 Games} Bg5 (10... a4 11. Kb1 O-O 12. h4 c6 13. f4 Qa5 14. Nf3 a3 15. b3 Nf6 16. Bxc5 Qxc5 17. fxe5 {0-1 (59) Zaja,I (2481)-Kozul,Z (2602) Porec 2016}) 11. f4 Bf6 {White is better.} 12. f5 $146 ({Predecessor:} 12. Nf3 g6 13. h4 a4 14. h5 Rg8 15. hxg6 Rxg6 16. f5 Rxg3 17. Qf2 {1-0 (44) Ward,C (2490)-Casper,T (2405) Germany 1997}) 12... Bg5 13. Nf3 {[%cal Rf3g5]} Bxe3 14. Qxe3 Nf6 {[#]} 15. Nxe5 $1 {[%mdl 512]} Qe7 (15... dxe5 16. Qxc5) 16. Nd3 $1 Bxf5 ({Don't go for} 16... Ncxe4 $2 17. Re1 $18) (16... b6 $16 {was necessary.}) 17. Nxc5 $18 dxc5 18. Re1 ({White should try} 18. Qf4 $1 $18 {[%cal Rf4f5]} Bg6 19. e5) 18... Bg6 (18... Ng4 $16 {keeps fighting.} 19. Qe2 Qg5+ 20. Qd2 Bh7) 19. e5 Ng4 20. Qf4 Qg5 21. Kd2 Qxf4+ 22. gxf4 {h3 is the strong threat.} h5 23. Bg2 O-O-O 24. Be4 Bxe4 25. Nxe4 b6 26. Re2 Nh6 27. Rg1 Nf5 28. Rg5 g6 29. Nf6 Nd4 30. Rf2 h4 31. Ke3 Kb7 32. Ke4 a4 (32... h3 $14) 33. Rd2 $1 $16 Rh6 $2 {[#]} (33... Rdf8 $16) 34. Rxd4 $1 $18 cxd4 {[#]} 35. Kxd4 $2 {[%mdl 4096] Endgame KRR-KRN} (35. e6 $1 $18 {is the precise move to win.}) 35... Rf8 36. h3 {[%mdl 1024] White has strong compensation.} c5+ $2 {[%mdl 8192]} (36... Rhh8 $16 {was worth a try.}) 37. Ke4 Kc7 38. f5 a3 (38... Kb7 $142 39. Kf4 gxf5) 39. b3 {[%cal Bb2b3,Bb3c4][%mdl 32]} Rb8 40. Kf4 (40. fxg6 $142 {aiming for g7.} Rxg6 41. Rxg6 fxg6 42. Kf4) 40... b5 $2 (40... gxf5 41. Rg7 (41. Rxf5 Rg6 $18) 41... Rxf6 42. exf6 Rf8) 41. fxg6 Rxg6 42. Rxg6 fxg6 {KR-KN} 43. e6 {[%cal Be5e6,Be6e7][%mdl 32]} bxc4 44. bxc4 g5+ 45. Ke5 {White mates.} g4 46. d6+ {[%cal Bd5d6,Bd6d7][%mdl 32]} Kc6 47. e7 gxh3 48. d7 {Precision: White = 66%, Black = 26%.} 1-0

[Event "IOM Open-Masters 2017"]
[Site "Douglas"]
[Date "2017.09.27"]
[Round "5"]
[White "Praggnanandhaa R"]
[Black "Howell, David W L"]
[Result "1-0"]
[WhiteElo "2500"]
[BlackElo "2701"]
[Annotator "TA"]
[PlyCount "127"]
[EventDate "2017.??.??"]
[EventType "swiss"]
[EventCountry "GBR"]
[SourceTitle "playchess.com"]
[Source "ChessBase"]
[SourceQuality "1"]

{[%evp 17,127,31,30,0,0,0,0,-3,0,-16,-16,-79,-46,-37,-14,-18,-6,-14,-10,-10,0,0,0,0,0,0,0,-33,0,-20,-20,-9,-13,-15,-21,-12,-11,-8,0,0,-7,-5,0,0,0,0,116,114,85,66,63,69,111,126,160,23,23,23,24,30,56,56,81,35,38,0,63,0,123,115,248,116,418,377,700,668,687,678,645,652,624,597,12844,404,387,283,211,5,5,5,12846,12844,12845,12843,12843,12843,12843,12843,12844,12844,12845,12846,12846,12847,12850,12851,12851,12851,12851,12851,12851,12851]} 1. e4 c6 2. d4 d5 3. e5 Bf5 4. Nf3 e6 5. Be2 Ne7 6. O-O c5 7. c4 dxc4 8. Na3 {B12: Caro-Kann: Advance Variation} Nbc6 9. Nxc4 Nd5 {LiveBook: 20 Games} 10. dxc5 {White has an edge.} (10. Bg5 Qd7 11. Rc1 h6 12. Be3 b5 13. Na3 a6 14. dxc5 Be7 15. Nc2 Nxe3 16. Nxe3 {½-½ (48) Bok,B (2594)-So,W (2794) Douglas 2016}) 10... Bxc5 11. Bg5 Qc7 12. Rc1 O-O 13. Qb3 $146 ({Predecessor:} 13. a3 Be7 14. Bxe7 Qxe7 15. Nd4 Nf4 {½-½ (34) Macovei,A (2383)-Sundararajan,K (2469) Iasi 2016}) 13... h6 14. Ne3 (14. Be3 $11 Nxe3 15. Nxe3 Bxe3 16. Qxe3) 14... Bxe3 (14... hxg5 {keeps more tension.} 15. Nxd5 exd5 16. Rxc5 Qe7 17. Rfc1 g4) 15. Bxe3 Nxe3 16. Qxe3 Qb6 17. Qxb6 axb6 18. a3 Be4 19. Nd2 Nd4 20. Rfe1 Bd5 21. Bd3 Rfd8 22. Rc3 g5 23. Ne4 Bxe4 24. Rxe4 Ra5 25. b4 Rad5 26. Bc4 R5d7 {White must now prevent ...Rc7.} 27. Bf1 Nf5 28. g3 Rd1 29. Kg2 Ra1 30. Bd3 Kg7 31. h4 gxh4 (31... Ra2 $11 {keeps the balance.}) 32. Rg4+ $16 Kh7 33. Bxf5+ exf5 34. Rxh4 {[%mdl 4096] Endgame Rc7 is the strong threat. KRR-KRR} Re8 35. Rc7 Kg7 {[#]} 36. Rxb7 (36. Rd4 $1 $16) 36... Rxe5 $11 37. Rxb6 {Threatens to win with Ra6.} Rxa3 38. Rbxh6 Re4 39. Rh7+ Kg8 40. Rh8+ Kg7 41. R8h7+ Kf8 ({Black should play} 41... Kg8 $1 $11) 42. Rh8+ ({Better is} 42. b5 $14) 42... Ke7 (42... Kg7 $1 $11) 43. Rc8 $16 Rb3 (43... Kf6 $16 {keeps fighting.} 44. Rc6+ Kg7) 44. Rc4 (44. Rc7+ $18 Kf6 45. Rh7) 44... Re5 $2 {[%mdl 8192]} (44... Rxc4 $16 {is tougher.} 45. Rxc4 Kd6) 45. Rh7 $18 Rb5 $2 (45... Kf6 46. Rc7 Rxb4) 46. Rc7+ Ke6 47. Rh6+ f6 48. Rc6+ Ke5 49. Rhxf6 R3xb4 50. Rfe6+ (50. Rcd6 $142 {[%csl Gd6][%cal Rf6e6]} Rd5 51. f4+ Ke4 52. Rxd5 Kxd5 53. Rxf5+ Ke6 54. g4) 50... Kd4 51. Rcd6+ Rd5 {[#]} 52. Rxd5+ $2 (52. Ra6 $1 $18) 52... Kxd5 {KR-KR} 53. Re2 {Strongly threatening f4.} f4 $2 {[%mdl 8192]} (53... Rb7 $11) 54. g4 {White is clearly winning.} Rb3 55. f3 Rb8 56. Re4 Rf8 57. Kf2 Rf7 58. Ke2 Rf6 59. Kd3 Rf8 60. Ra4 Rb8 61. Rxf4 Rb3+ 62. Ke2 Ke5 63. Rf5+ Kd4 64. Kf2 {Precision: White = 41%, Black = 27%.} 1-0

[Event "IOM Open-Masters 2017"]
[Site "Douglas"]
[Date "2017.09.27"]
[Round "5"]
[White "Brown, Michael William"]
[Black "Bok, Benjamin"]
[Result "1-0"]
[WhiteElo "2499"]
[BlackElo "2620"]
[Annotator "TA"]
[PlyCount "76"]
[EventDate "2017.??.??"]
[EventType "swiss"]
[EventCountry "GBR"]
[SourceTitle "playchess.com"]
[Source "ChessBase"]
[SourceQuality "1"]

{[%evp 24,76,48,22,20,0,0,-37,-27,-24,-21,-36,-30,-42,-54,-143,-144,-200,-108,-99,-73,-91,-46,-52,-34,-60,26,40,67,58,59,51,68,60,53,73,133,17,21,0,0,0,6,0,0,0,22,24,25,16,108,93,102,101,250]} 1. d4 Nf6 2. c4 e6 3. Nc3 Bb4 4. e3 b6 5. Nge2 c5 6. a3 Ba5 7. Rb1 Na6 8. g3 Bb7 {E42: Nimzo-Indian: Rubinstein: 4...c5 5 Ne2} 9. d5 b5 10. Bg2 bxc4 11. O-O O-O 12. e4 d6 (12... exd5 13. exd5 d6 14. h3 Nc7 15. g4 Nd7 16. Bf4 Bxc3 17. Nxc3 {1-0 (33) Duda,J (2697)-Urkedal,F (2541) Khanty-Mansiysk 2017}) 13. Qa4 {LiveBook: 15 Games} exd5 14. exd5 Bb6 15. Qxc4 Nc7 16. Re1 Re8 $146 17. Be3 Qd7 18. h3 Re5 {[%cal Rc7d5]} 19. Red1 (19. Bf4 $15 Ba6 20. Qb3) 19... Ba6 $17 20. Qa2 (20. Qf4 $17) 20... Qe7 ({Better is} 20... Rae8 $19 21. a4 Ba5) 21. Kh2 Re8 22. Ng1 Nh5 23. Nf3 Rxe3 24. fxe3 Qxe3 (24... Qf6 $15 25. e4 c4) 25. Re1 $1 $11 {[%cal Re1e3]} Qh6 26. b3 Qg6 {[#] Hoping for ...Rxe1.} 27. g4 Nf4 28. Qd2 Nxg2 29. Kxg2 Rb8 (29... Kf8 $142) 30. Nh4 ({White should try} 30. Ne4 $16) 30... Qd3 31. Red1 Qxd2+ $1 32. Rxd2 g6 33. b4 $36 {[%mdl 2048] White is pushing.} cxb4 34. axb4 Re8 35. Nf3 Re3 36. Na4 Bd3 (36... Bb7 $1 $11 37. Nxb6 axb6) 37. Rc1 $16 Be4 38. Nxb6 axb6 {Precision: White = 45%, Black = 54%.} (38... Rxf3 $16 39. Kh2 Nb5) 1-0

[Event "IOM Open-Masters 2017"]
[Site "Douglas"]
[Date "2017.09.27"]
[Round "5"]
[White "Panchanathan, Magesh Chandran"]
[Black "Degtiarev, Evgeny"]
[Result "1-0"]
[WhiteElo "2481"]
[BlackElo "2412"]
[Annotator "TA"]
[PlyCount "235"]
[EventDate "2017.??.??"]
[EventType "swiss"]
[EventCountry "GBR"]
[SourceTitle "playchess.com"]
[Source "ChessBase"]
[SourceQuality "1"]

{[%evp 23,235,4,10,0,11,9,12,0,0,0,0,7,97,100,92,87,96,89,99,88,107,112,118,118,114,122,125,87,108,85,94,104,105,102,109,109,111,114,132,129,131,102,131,147,155,143,169,162,188,163,259,257,269,228,280,297,297,304,285,233,233,232,207,202,194,206,201,189,187,193,297,297,297,297,297,297,301,296,297,249,377,377,377,377,377,367,367,367,367,367,664,621,699,477,477,477,477,426,870,870,863,863,863,856,856,360,856,856,856,848,848,841,834,786,771,396,1511,1511,1511,1511,1496,1496,1321,1308,1342,747,1321,725,1334,1328,1167,1006,1039,1293,1271,1321,1287,1338,1347,1337,1362,1297,1400,1243,1170,1158,942,782,681,645,2245,2345,1560,1435,29960,29961,29960,29962,29960,29963,29961,29964,29964,29964,29964,29965,29965,29966,29965,29967,29967,29969,29969,29969,29969,29970,29970,29970,29971,29971,29971,29972,29974,29975,29975,29976,29976,29976,29976,29976,29976,29977,29976,29978,29978,29979,29979,29980,29980,29981,29981,29982,29982,29981,29982,29979,29981,29982,29988,29989,29989,29990,29995,29996]} 1. d4 Nf6 2. c4 b6 3. Nc3 Bb7 4. Bg5 e6 5. Nf3 h6 6. Bh4 Be7 7. Qc2 d5 8. cxd5 exd5 9. e3 O-O 10. Be2 Ne4 11. Bxe7 Qxe7 12. O-O Nd7 {LiveBook: 6 Games} 13. Rfe1 $146 {D58: Queen's Gambit Declined: Tartakower Defence} ({Predecessor:} 13. Rac1 Nxc3 14. Qxc3 c5 15. Bb5 Rfc8 16. Qa3 Nf6 17. Rc2 Kf8 18. dxc5 Rxc5 19. Nd4 Rxc2 20. Qxe7+ Kxe7 21. Nxc2 {½-½ (39) Ionescu,C (2515)-Vukovic,Z (2425) Bucharest 1998}) 13... Ndf6 14. Nxe4 dxe4 15. Ne5 {The position is equal.} c5 16. Bc4 {[#] Threatens to win with Ng6.} Kh7 17. Qb3 {[%cal Rc4f7]} Nd7 (17... cxd4 $1 $11 18. exd4 Nd7) 18. Nxd7 $16 ({Of course not} 18. Nxf7 Kg6 $11) 18... Qxd7 19. dxc5 bxc5 20. Red1 Qc7 21. Rd2 a5 22. Rad1 Bc6 23. h3 Rab8 24. Qc2 f5 25. Qc3 Rf6 26. Bd5 Bb5 27. Rc1 Rc8 28. Bc4 Bxc4 29. Qxc4 Rd6 30. Rd5 Rxd5 31. Qxd5 {[%mdl 4096] Endgame KQR-KQR} g6 32. Rd1 {Black must now prevent Qe6.} Re8 33. b3 Kg7 34. h4 h5 35. Qd7+ Re7 36. Qb5 Qa7 (36... f4 $142) 37. Rd6 $18 Kh7 38. Qc6 Rc7 39. Qe8 Rg7 40. Rd8 {[%csl Gd8][%cal Re8h8]} Kh6 41. Qh8+ Rh7 42. Qf8+ ({Don't play} 42. Qf6 $6 Qe7 $16) 42... Qg7 43. Qxc5 $40 {[%mdl 128] White goes for the king.} Qa1+ 44. Kh2 Qf6 45. Qf8+ ({Much less strong is} 45. Qxa5 $6 Qxh4+ 46. Kg1 Qf6 $16) 45... Qxf8 46. Rxf8 {KR-KR} Rb7 (46... Rd7 {is a better defense.} 47. Kg3 Rd5) 47. Ra8 Rb5 48. Ra7 Rc5 49. Kg3 Rd5 50. Rb7 Rd2 51. a4 {[%cal Ba2a4,Ba4a5][%mdl 32]} Re2 (51... Rd6 {keeps fighting.} 52. Rb5 Ra6) 52. Rb5 Rb2 53. Rxa5 Rxb3 54. Ra7 Rb2 55. a5 f4+ 56. exf4 Rb3+ $2 (56... Ra2 57. a6 Ra3+ 58. Kh2 Ra2) 57. Kh2 Rb2 58. Re7 Ra2 59. Rxe4 Rxa5 60. Re7 Ra4 (60... Ra2 $142 61. f3 Ra4) 61. g3 Ra3 62. Kg2 Rb3 63. Rd7 Rb5 64. Kf3 (64. Rc7 $142 Rd5 65. Kf3) 64... Ra5 $2 (64... Rb3+ 65. Kg2 Rb8) 65. Re7 Ra3+ 66. Re3 Ra2 67. Re5 Ra3+ 68. Kg2 Kg7 69. Rg5 Kf6 $2 {[#]} (69... Kh6 70. f5 gxf5 71. Rxf5 Rd3) 70. f5 $1 gxf5 71. Rxh5 Rb3 72. Rh6+ Kf7 73. Rc6 Ra3 74. Kf1 Ra2 75. Rc3 Kg6 76. Kg2 Rb2 77. Rc6+ Kf7 78. Kf3 Ra2 79. Ke3 Ra4 80. Rd6 Re4+ 81. Kf3 Ra4 82. Rd2 Kf6 83. Kg2 Ra3 84. f3 {[%cal Bf2f3,Bf3g4][%mdl 32]} Ra4 85. Rd3 Ra2+ 86. Kh3 Re2 87. Ra3 Re1 88. g4 fxg4+ 89. fxg4 {White mates.} Rh1+ 90. Kg3 Rg1+ 91. Kf4 Rf1+ 92. Rf3 Ra1 93. h5 Rg1 94. Rf2 Rh1 95. Kg3+ Kg5 96. Rf5+ Kh6 97. Rf6+ Kg7 98. Rg6+ Kh7 99. Kf4 Ra1 100. Re6 Kg7 101. Kf5 Ra5+ 102. Re5 Ra7 103. g5 Rf7+ 104. Kg4 Ra7 105. h6+ Kg6 106. Re6+ Kh7 107. Kh5 Ra5 108. Re7+ Kg8 109. Kg6 {[%cal Re7e8]} Ra6+ 110. Kf5 Ra1 111. Kf6 Rf1+ 112. Kg6 Rf8 113. Rg7+ Kh8 114. Rf7 {[%cal Rf7f8]} Ra8 115. Rf5 Ra6+ 116. Kh5 Kg8 117. g6 Ra8 118. h7+ {Precision: White = 85%, Black = 36%.} 1-0

[Event "IOM Open-Masters 2017"]
[Site "Douglas"]
[Date "2017.09.27"]
[Round "5"]
[White "Khmelniker, Ilya"]
[Black "Loos, Roland"]
[Result "1-0"]
[WhiteElo "2480"]
[BlackElo "2393"]
[Annotator "TA"]
[PlyCount "103"]
[EventDate "2017.??.??"]
[EventType "swiss"]
[EventCountry "GBR"]
[SourceTitle "playchess.com"]
[Source "ChessBase"]
[SourceQuality "1"]

{[%evp 18,103,50,-26,41,17,51,42,47,46,40,55,74,74,72,74,88,80,104,100,140,68,69,43,69,65,94,94,89,90,103,85,124,118,119,115,148,125,131,123,144,142,136,138,130,130,136,134,131,132,119,62,68,18,15,6,15,10,96,8,14,22,71,38,181,131,106,70,75,75,66,62,83,78,80,80,98,98,98,98,145,145,29971,29972,29971,29972,29972,29973]} 1. d4 e6 2. Nf3 f5 3. g3 Nf6 4. Bg2 d5 5. c4 c6 6. O-O Bd6 7. Qc2 O-O 8. Nc3 Bd7 9. Rb1 {A90: Dutch Defence: Miscellaneous and Modern Stonewall (with ...Bd6)} Be8 10. b4 {LiveBook: 10 Games} (10. c5 $14 Bc7 11. b4) 10... Nbd7 ({Black should play} 10... dxc4 $11 11. b5 Be7) 11. b5 {White is slightly better.} Bh5 12. bxc6 bxc6 13. c5 {[#]} Bb8 $146 ({Predecessor:} 13... Be7 14. Ng5 Bf7 15. Qa4 Qc8 16. Bd2 Ne4 17. Ngxe4 fxe4 {1-0 (50) Drozdovskij,Y (2587)-Wang,Y (2736) Beijing 2008}) 14. Qb3 {Strongly threatening Qb7.} Qc8 15. Qb7 Qxb7 16. Rxb7 Bxf3 17. Bxf3 e5 18. e3 Rc8 19. Bd2 (19. Bd1 $16) 19... Nf8 $14 20. Rfb1 Bc7 21. Bd1 exd4 22. exd4 Ne6 23. Ne2 $36 {[%mdl 2048] White has strong initiative.} Ne4 24. Be1 f4 25. Kg2 fxg3 26. hxg3 N6xc5 27. dxc5 Nxc5 28. R7b2 Nd3 29. Rb3 Nxe1+ 30. Kf1 Ba5 31. Ra3 Bb6 32. Kxe1 Rf8 33. Nf4 g5 {[#]} 34. Nd3 (34. Nh3 $1 $16) 34... c5 35. Nc1 Rae8+ 36. Kf1 c4 37. Rf3 g4 (37... d4 $11) 38. Rf4 (38. Rxf8+ $16 Rxf8 39. Bxg4) 38... Rxf4 $11 39. gxf4 h5 40. Rb5 Rd8 ({Black should try} 40... d4 $14) 41. Ne2 d4 42. Rxh5 {aiming for Ng3.} d3 43. Nc3 Bd4 44. Ne4 c3 {Threatens to win with ...c2.} 45. Bb3+ ({Don't go for} 45. Bxg4 $2 c2 $19) 45... Kg7 46. Nc5 Bxc5 47. Rxc5 $16 {KRB-KR} c2 {[#]} 48. Kg2 $1 Rd5 49. Rc7+ ({Not} 49. Bxd5 d2 $15) 49... Kf6 $2 {[%mdl 8192]} (49... Kf8 $16 50. Kg3 (50. Bxd5 d2 $15) 50... Ra5) 50. Bxd5 {White mates.} d2 51. Rf7+ Kg6 52. Be4+ {Precision: White = 54%, Black = 47%.} 1-0

[Event "IOM Open-Masters 2017"]
[Site "Douglas"]
[Date "2017.09.27"]
[Round "5"]
[White "Hambleton, Aman"]
[Black "Pranav Vijay"]
[Result "1-0"]
[WhiteElo "2479"]
[BlackElo "2265"]
[Annotator "TA"]
[PlyCount "269"]
[EventDate "2017.??.??"]
[EventType "swiss"]
[EventCountry "GBR"]
[SourceTitle "playchess.com"]
[Source "ChessBase"]
[SourceQuality "1"]

{[%evp 18,268,12,6,32,8,17,8,25,17,29,26,27,35,37,5,27,28,19,20,16,12,33,10,10,10,17,20,32,31,40,35,40,40,53,35,58,74,148,58,58,60,58,59,58,56,58,58,52,45,37,28,37,35,54,44,57,60,58,53,100,0,59,52,66,66,76,66,77,66,90,76,82,29,41,49,70,70,68,66,57,50,70,68,72,71,85,85,85,85,113,113,122,94,135,102,104,114,135,122,135,115,135,135,135,122,135,115,116,87,135,120,135,135,135,83,135,0,121,25,81,81,110,110,152,152,152,152,152,152,152,152,152,152,152,152,152,152,152,152,152,152,152,152,152,50,50,0,128,0,50,0,152,152,152,152,152,152,152,152,152,152,152,152,152,152,152,152,152,152,152,152,594,152,152,152,152,152,700,655,648,628,444,0,131,0,0,0,229,214,368,363,304,216,215,215,198,199,189,196,497,462,462,462,462,462,679,665,821,830,710,654,1004,979,1158,1133,1267,1268,2248,1972,29982,29983,29987,29985,29985,29986,29986,29987,29991,29992,29992,29993,29993,29986,29986,29987,29987,29988,29988,29989,29989,29990,29990,29991,29992,29991,29994,29995,29996,29997,29998,29999,29999]} 1. d4 Nf6 2. Bf4 e6 3. Nf3 b6 4. e3 Bb7 5. Nbd2 d6 6. Bd3 c5 7. h3 Be7 8. O-O O-O 9. c3 Nbd7 10. Bh2 {LiveBook: 15 Partien. A47: Damenindisch (ohne c2-c4)} Qc7 (10... Re8 11. Qe2 Bf8 12. Ba6 Qc8 13. Bxb7 Qxb7 14. a4 a6 15. e4 b5 16. axb5 axb5 {½-½ (54) Bindrich,F (2590)-Vitiugov,N (2726) Doha 2016}) 11. a4 a6 12. Re1 {Die Stellung ist ausgeglichen.} Rfe8 13. Qb1 $146 ({Vorgänger:} 13. Qb3) 13... e5 14. dxe5 Nxe5 15. Nxe5 dxe5 16. Ne4 Nd5 17. c4 Nb4 18. Nc3 g6 19. Be4 Rad8 20. Bxb7 Qxb7 21. e4 Bf8 22. Nd5 Nxd5 23. exd5 Bg7 24. Ra3 f5 25. Rb3 Kh8 26. f3 a5 27. Rbe3 {[%cal Rh2e5]} Qc7 ({Günstiger ist} 27... Qb8) 28. b3 (28. Qd3 $16) 28... Re7 $14 29. g4 Rf8 30. Kg2 Qd6 31. Qb2 {[%cal Rh2e5]} Rfe8 32. Qc2 Qd7 33. Qe2 Bf6 34. Qb2 {[%cal Rh2e5]} Qd6 35. Qc3 Bg7 36. R3e2 Kg8 37. Bg3 h6 {Droht ...f4.} 38. Qd3 Rf7 39. Qc3 {[%cal Rg3e5]} Rfe7 40. Qc2 Rf7 41. Bh2 Kh8 42. Kh1 Kg8 43. Qd3 Rff8 44. Qc3 f4 45. Re4 (45. Qd3 $16) 45... Bf6 46. Qd3 {Schwarz muss nun Lxf4! beachten.} Bh4 47. R1e2 {Und Lxf4! würde nun gewinnen.} Re7 48. Qc3 {[%cal Re4e5]} Rfe8 49. Kg1 Kh7 50. Kf1 Kg8 51. Rg2 Kh7 52. Ke2 Kg8 53. Kd1 Kh7 54. Kc2 Kg8 55. Rge2 Kh7 56. Qa1 Kg8 57. Bg1 Kh7 58. Qd1 Kg8 59. Kb1 Kh7 60. Qd3 Kg8 61. Rd2 Kh7 62. Rd1 Kg8 63. Kb2 Kh7 64. Ra1 Ra8 65. Kc2 Kg8 66. Ra2 (66. Rf1 $142) 66... Kh7 ({Lieber} 66... h5) 67. Ra1 Kg8 68. Re2 (68. Qe2 $16) 68... Kf7 (68... e4 $1 $11 69. Rxe4 Rae8) 69. Qe4 $16 Ree8 70. Bf2 {[%cal Bg1f2,Bf2e1,Be1c3][%mdl 32]} Bd8 71. h4 {[%cal Bh3h4,Bh4h5][%mdl 32]} Kg8 72. h5 g5 73. Be1 Bc7 74. Bc3 Re7 75. Rae1 {[%cal Rc3e5]} Rae8 76. Qf5 Bb8 77. Kd3 Bc7 78. Qe4 Bb8 79. Rh2 Kg7 80. Reh1 Rh8 81. Qf5 (81. Kc2 $16) 81... Rf7 $14 82. Qe6 (82. Qg6+ $5 Qxg6+ 83. hxg6 Kxg6 84. Rh5 $14) 82... Re7 (82... Qxe6 $11 {hält das Gleichgewicht.} 83. dxe6 Re7) 83. Qf5 ({Besser ist} 83. Qxd6 $1 $16 Bxd6 84. Re2) 83... Rf7 84. Qe4 (84. Qg6+ $14 Qxg6+ 85. hxg6 Kxg6 86. Re1) 84... Re7 $1 $16 85. Kc2 Bc7 86. Bb2 Bb8 87. Rd1 Bc7 88. Bc3 Bb8 89. Qf5 Rf8 90. Qd3 $1 Bc7 91. Kd2 Bb8 92. Ke2 Bc7 93. Kf1 Bb8 94. Re1 Bc7 $2 {[#]} (94... Kh8 $16 95. Rd2 Rd8) 95. Kf2 $2 (95. Bxe5+ $1 $18 {[%mdl 512] ist viel giftiger.} Rxe5 96. Rxe5 Qxe5 97. Re2 (97. Qg6+ Kh8 $11)) 95... Bb8 96. Kg2 Bc7 97. Kf1 Bb8 $2 {[#]} (97... Qf6 $16 98. Rhe2 Rfe8) 98. Rxe5 $1 $18 {[%mdl 512]} Rxe5 99. Bxe5+ Qxe5 {[#]} 100. Qg6+ $2 (100. Re2 $1 $18 {ist der präzise Gewinnweg.} Qf6 101. Re6) 100... Kh8 $16 {[#]} 101. Qxh6+ (101. Re2 $1 $16 Qg7 102. Qxb6) 101... Kg8 $11 102. Re2 Qg7 $2 (102... Qf6 $11 103. Qxf6 Rxf6) 103. Qe6+ $18 Kh8 $2 (103... Qf7 104. Qxb6 Qh7 105. Qe6+ (105. Qxc5 Ba7 $18) 105... Qf7) 104. d6 ({Keinesfalls} 104. Qxb6 Kg8 $18) 104... Rd8 105. d7 Qxd7 106. Qxd7 ({Viel schwächer ist} 106. Qf6+ $6 Kg8) 106... Rxd7 {[%mdl 4096] Endspiel KTL-KT} 107. Re8+ Kg7 {zielt auf ...Lc7 ab.} 108. Rxb8 {KT-KT} Rd3 $2 (108... Rd6 {ist eine bessere Chance.} 109. Ke1 Kh7) 109. Rxb6 ({Weniger gut wäre} 109. Rb7+ Kf8 $18) 109... Rxf3+ 110. Ke2 Re3+ 111. Kf2 Kf7 (111... Kh7 $142 112. Rg6 Re5) 112. Rg6 Re5 113. Ra6 Re3 114. Rxa5 Rg3 115. Rxc5 Rxg4 116. a5 Rg3 117. a6 {Und weiter mit a7 wäre nett.} Rxb3 118. Ra5 g4 119. a7 {Weiß setzt Matt.} g3+ 120. Kg2 Rb2+ 121. Kf3 Rf2+ 122. Ke4 g2 123. a8=Q Re2+ 124. Kf3 g1=Q 125. Qa7+ Qxa7 126. Rxa7+ Re7 127. Rxe7+ Kxe7 128. Kxf4 {KB-KB} Kf6 129. c5 Ke6 130. h6 Kf6 131. c6 Kg6 132. c7 Kh7 133. Kg5 Kh8 134. Kg6 {[%cal Rc7c8]} Kg8 135. c8=R# {Precision: Weiß = 64%, Schwarz = 40%.} 1-0